The early church: (Record no. 11029)

000 -LEADER
fixed length control field 00592nam a2200181 a 4500
001 - CONTROL NUMBER
control field :::00008822$&:&@@
003 - CONTROL NUMBER IDENTIFIER
control field OkBaRHE
005 - DATE AND TIME OF LATEST TRANSACTION
control field 20000607103346.0
008 - FIXED-LENGTH DATA ELEMENTS--GENERAL INFORMATION
fixed length control field s1976 j 000 0 eng u
040 ## - CATALOGING SOURCE
Transcribing agency
100 1# - MAIN ENTRY--PERSONAL NAME
Personal name Welch, W. Wilbert.
245 14 - TITLE STATEMENT
Title The early church:
Remainder of title problems and progress (part 1).
260 ## - PUBLICATION, DISTRIBUTION, ETC. (IMPRINT)
Place of publication, distribution, etc Des Plaines, IL., :
Name of publisher, distributor, etc Regular Baptist Press
Date of publication, distribution, etc c1976
300 ## - PHYSICAL DESCRIPTION
Extent 126 p. ;
Dimensions 18 cm.
650 ## - SUBJECT ADDED ENTRY--TOPICAL TERM
Topical term or geographic name as entry element Evangelistic Work
General subdivision Biblical Teaching
942 ## - ADDED ENTRY ELEMENTS (KOHA)
Source of classification or shelving scheme
Koha item type Books
Copies
Barcode Price effective from Date last seen Permanent Location Copy number Full call number Not for loan Source of classification or shelving scheme Withdrawn status Damaged status Date acquired Lost status Shelving location Koha item type
88222010-04-142010-04-14RHEMA Bible Training College1BV 3795 .W3249    2010-04-14 General StacksBooks